000
00281nam a2200109Ia 4500
008
190911s9999||||xx |||||||||||||| ||und||
100
_a
UNI GRANTS commission
245
0
_a
Handbookn Universities of pakistan 1998
260
_a
Islamabad
_b
Pearson
_c
1998
300
_a
820
942
_c
BK
999
_c
6767
_d
6767